[Event "NCL978 Richmond-SW Dragons"]
[Site "Rd2"]
[Date "1997.10.26"]
[Round "2.6"]
[White "Spice, Alan"]
[Black "Hinks-Edwards, Tom"]
[Result "0-1"]
[WhiteElo "2205"]
[BlackElo "2255"]
[PlyCount "74"]
[EventDate "1997.10.26"]
[Source "4NCL"]
[SourceDate "1998.01.01"]

1. Nc3 d5 2. e4 dxe4 3. Nxe4 Nd7 4. Bc4 Ngf6 5. Bxf7+ Kxf7 6. Ng5+ Kg8 7. Ne6
Qe8 8. Nxc7 Qd8 9. Nxa8 e5 10. d4 Bd6 11. Nf3 e4 12. Ng5 h6 13. Ne6 Qe7 14. Nf4
Kh7 15. Be3 b6 16. c3 Bb7 17. Nxb6 Nxb6 18. O-O Rf8 19. b3 Bc8 20. h3 Nfd5 21.
Nxd5 Nxd5 22. c4 Nf4 23. Bxf4 Rxf4 24. c5 Bb8 25. Re1 Bxh3 26. Re3 Bg4 27. Qc2
Bf5 28. d5 Be5 29. Rd1 Qg5 30. d6 Qh5 31. g3 Rf3 32. d7 Bxg3 33. fxg3 Rxe3 34.
d8=Q Rxg3+ 35. Kf1 Qh1+ 36. Kf2 Qh2+ 37. Ke1 Rg1# 0-1

[Event "NCL978 Richmond-SW Dragons"]
[Site "Rd2"]
[Date "1997.10.26"]
[Round "2.7"]
[White "Franklin, Michael"]
[Black "Zeidler, Sven"]
[Result "1-0"]
[WhiteElo "2220"]
[BlackElo "2255"]
[PlyCount "97"]
[EventDate "1997.10.26"]
[Source "4NCL"]
[SourceDate "1998.01.01"]

1. d4 f5 2. g3 Nf6 3. Bg2 g6 4. c3 Nc6 5. Nd2 e5 6. dxe5 Nxe5 7. Ngf3 Nf7 8.
O-O Bg7 9. Qb3 d5 10. c4 O-O 11. cxd5 Qxd5 12. Qc2 c6 13. b3 f4 14. Bb2 fxg3
15. hxg3 Qh5 16. Rad1 Be6 17. Bc3 Ng4 18. Bxg7 Kxg7 19. Qc3+ Kg8 20. Ne4 Nd6
21. Neg5 Ne4 22. Qc1 h6 23. Nh3 g5 24. Nd4 Nexf2 25. Rxf2 Rxf2 26. Nxf2 Qh2+
27. Kf1 Nxf2 28. Kxf2 Bh3 29. Qc4+ Kh8 30. Rg1 Rf8+ 31. Nf3 g4 32. Qd4+ Kg8 33.
Qe4 gxf3 34. Qg6+ Kh8 35. Qxh6+ Kg8 36. Qg6+ Kh8 37. Qh6+ Kg8 38. Qg5+ Kh8 39.
exf3 Bxg2 40. Rxg2 Qh1 41. Qh4+ Qxh4 42. gxh4 Kh7 43. Ke3 Kh6 44. f4 Rf7 45.
Ke4 Kh5 46. f5 Re7+ 47. Kf4 Kh6 48. f6 Re1 49. Kf5 1-0

[Event "NCL978 Richmond-SW Dragons"]
[Site "Rd2"]
[Date "1997.10.26"]
[Round "2.8"]
[White "Richmond, Jane"]
[Black "Bates, Ruth"]
[Result "1-0"]
[WhiteElo "2175"]
[BlackElo "2050"]
[PlyCount "79"]
[EventDate "1997.10.26"]
[Source "4NCL"]
[SourceDate "1998.01.01"]

1. e4 g6 2. d4 Bg7 3. Nc3 c6 4. Nf3 d6 5. a4 Nf6 6. h3 O-O 7. Be3 e5 8. dxe5
dxe5 9. Qxd8 Rxd8 10. Bc4 Nbd7 11. O-O b6 12. Rad1 Bb7 13. Rd2 Re8 14. Ng5 Re7
15. f4 h6 16. Nf3 exf4 17. Bxf4 Ne8 18. e5 Nf8 19. Ne4 Nc7 20. Nd6 Nce6 21. Bg3
Bc8 22. Rdf2 Bd7 23. Nd2 Nd8 24. Nxf7 Nxf7 25. Rxf7 Rxf7 26. Rxf7 Kh8 27. Ne4
Bf5 28. Nd6 Be6 29. Rxf8+ Bxf8 30. Bxe6 Be7 31. Nc8 Bc5+ 32. Kf1 Kg7 33. Ke2 a6
34. Kd3 b5 35. Bd7 Kf7 36. Nd6+ Ke7 37. Bxc6 Rd8 38. axb5 axb5 39. Bxb5 g5 40.
Kc4 1-0

[Event "NCL978 Invicta Kts-Midland Ms"]
[Site "Rd2"]
[Date "1997.??.??"]
[Round "2.1"]
[White "McDonald, Neil"]
[Black "Rowson, Jonathan"]
[Result "1/2-1/2"]
[WhiteElo "2490"]
[BlackElo "2490"]
[PlyCount "58"]
[EventDate "1997.10.26"]
[Source "4NCL"]
[SourceDate "1998.01.01"]

1. e4 c5 2. c3 d5 3. exd5 Qxd5 4. d4 Nf6 5. Nf3 e6 6. Be2 cxd4 7. cxd4 Bd7 8.
Nc3 Qa5 9. O-O Bc6 10. Ne5 Bd6 11. Bf4 Bxe5 12. dxe5 Nd5 13. Bd2 O-O 14. Bf3
Nxc3 15. Bxc3 Qb6 16. Bh5 Na6 17. Qg4 Rad8 18. Rad1 Nc5 19. Qb4 Nd3 20. Qxb6
axb6 21. g3 Rd7 22. f4 Rfd8 23. h4 g6 24. Be2 h5 25. b3 Be4 26. Bxd3 Rxd3 27.
Rxd3 Rxd3 28. Be1 b5 29. Kf2 Rf3+ 1/2-1/2

[Event "NCL978 Invicta Kts-Midland Ms"]
[Site "Rd2"]
[Date "1997.??.??"]
[Round "2.2"]
[White "Parker, Jonathan"]
[Black "Gormally, Danny"]
[Result "1/2-1/2"]
[WhiteElo "2510"]
[BlackElo "2425"]
[PlyCount "84"]
[EventDate "1997.10.26"]
[Source "4NCL"]
[SourceDate "1998.01.01"]

1. d4 Nf6 2. c4 g6 3. Nc3 Bg7 4. e4 d6 5. f4 O-O 6. Nf3 Na6 7. Bd3 e5 8. fxe5
dxe5 9. d5 c6 10. O-O Qd6 11. Kh1 Bd7 12. Be3 cxd5 13. cxd5 Ng4 14. Bg1 Nc5 15.
Be2 Rac8 16. Nd2 Nf6 17. a3 b6 18. b4 Nd3 19. Qb3 Nf4 20. Ba6 Rb8 21. a4 Qe7
22. Rad1 Bg4 23. Nf3 Ne8 24. Nb5 Nd6 25. Nxd6 Qxd6 26. Rc1 Bd7 27. Bb5 Rbc8 28.
Be3 Nh5 29. Nd2 Bxb5 30. axb5 Rxc1 31. Rxc1 Qd7 32. Qd3 Nf6 33. Qc4 Ng4 34. Qc6
Qd8 35. Bg1 Bh6 36. Rd1 Bxd2 37. Rxd2 Qh4 38. g3 Qg5 39. Re2 Qh5 40. d6 Nxh2
41. Rxh2 Qf3+ 42. Rg2 Qh5+ 1/2-1/2

[Event "NCL978 Invicta Kts-Midland Ms"]
[Site "Rd2"]
[Date "1997.??.??"]
[Round "2.3"]
[White "Ledger, Andrew"]
[Black "Turner, Matthew"]
[Result "0-1"]
[WhiteElo "2415"]
[BlackElo "2445"]
[PlyCount "96"]
[EventDate "1997.10.26"]
[Source "4NCL"]
[SourceDate "1998.01.01"]

1. e4 c5 2. Nc3 Nc6 3. g3 g6 4. d3 Bg7 5. Bg2 d6 6. f4 e6 7. Nf3 Nge7 8. O-O
O-O 9. Be3 Nd4 10. Rb1 b6 11. Ne2 Nxf3+ 12. Bxf3 Bb7 13. c3 f5 14. g4 Qd7 15.
Ng3 d5 16. gxf5 exf5 17. e5 d4 18. Bxb7 Qxb7 19. cxd4 cxd4 20. Qb3+ Qd5 21.
Qxd5+ Nxd5 22. Bxd4 Bh6 23. Ne2 Rfd8 24. Bc3 Nxc3 25. bxc3 Rxd3 26. Rfd1 Rad8
27. Rxd3 Rxd3 28. Kf2 Bf8 29. Ke1 Bc5 30. Rb2 Be3 31. c4 Bc5 32. Rb3 Rd8 33.
Kf1 Rd2 34. a4 Kf7 35. a5 h5 36. a6 Ra2 37. Rd3 Ke8 38. Rg3 h4 39. Rxg6 Ra1+
40. Kg2 Re1 41. Rg8+ Kf7 42. Rc8 Rxe2+ 43. Kf1 Rxh2 44. Rc7+ Kg6 45. Rxa7 Rf2+
46. Ke1 h3 47. Ra8 h2 48. Rh8 Ra2 0-1

[Event "NCL978 Invicta Kts-Midland Ms"]
[Site "Rd2"]
[Date "1997.??.??"]
[Round "2.4"]
[White "Kelly, Brian"]
[Black "Vigus, James"]
[Result "1/2-1/2"]
[WhiteElo "2390"]
[BlackElo "2255"]
[PlyCount "109"]
[EventDate "1997.10.26"]
[Source "4NCL"]
[SourceDate "1998.01.01"]

1. d4 d5 2. c4 c6 3. Nc3 Nf6 4. e3 a6 5. Qc2 e6 6. Nf3 c5 7. cxd5 exd5 8. Be2
Nc6 9. O-O Be6 10. dxc5 Bxc5 11. Rd1 Qe7 12. Qa4 O-O 13. Qh4 Rad8 14. b3 b5 15.
Bb2 Qa7 16. Rac1 Ne7 17. Bd3 Bf5 18. Bxf5 Nxf5 19. Qg5 Nxe3 20. Nxb5 Qb6 21.
Bxf6 Qxf6 22. Qxf6 gxf6 23. Rd3 Bb6 24. fxe3 axb5 25. Rc6 Ba7 26. Rxf6 Rfe8 27.
Kf2 Rxe3 28. Rxe3 Re8 29. Kf1 Bxe3 30. Rd6 Ra8 31. Ke2 d4 32. Nxd4 Bxd4 33.
Rxd4 Rxa2+ 34. Kf3 Rc2 35. Rb4 Rc5 36. Ke4 Rg5 37. Kf3 Kf8 38. h4 Re5 39. Kf4
Rc5 40. g4 h6 41. Re4 Rd5 42. Ke3 Kg7 43. Rd4 Re5+ 44. Kf4 Rc5 45. Ke4 Kg6 46.
Rd6+ f6 47. Rb6 Kf7 48. Kd4 Re5 49. Rb7+ Kg6 50. h5+ Kg5 51. Rg7+ Kh4 52. Rg6
Rg5 53. Rxh6 Rxg4+ 54. Kc5 Rg5+ 55. Kc6 1/2-1/2

[Event "NCL978 Invicta Kts-Midland Ms"]
[Site "Rd2"]
[Date "1997.??.??"]
[Round "2.5"]
[White "Hanreck, Alan"]
[Black "Ferguson, Mark"]
[Result "0-1"]
[WhiteElo "2255"]
[BlackElo "2420"]
[PlyCount "73"]
[EventDate "1997.10.26"]
[Source "4NCL"]
[SourceDate "1998.01.01"]

1. Nf3 d5 2. d4 Nf6 3. Bf4 c5 4. c3 Qb6 5. Qb3 c4 6. Qxb6 axb6 7. Na3 Nc6 8.
Nd2 Bf5 9. Bc7 Kd7 10. Bxb6 Ra6 11. Bc5 b6 12. e4 Nxe4 13. Nxe4 Bxe4 14. f3 Bd3
15. Bxd3 bxc5 16. Nxc4 dxc4 17. Bxc4 Ra4 18. Bb5 Ra5 19. a4 cxd4 20. O-O-O Kc7
21. Bxc6 Kxc6 22. Rxd4 e5 23. Rc4+ Rc5 24. Rxc5+ Bxc5 25. Re1 Bd6 26. Kc2 Ra8
27. b3 f5 28. g3 h5 29. Re2 g5 30. Kd3 Kd5 31. Rd2 g4 32. Ke3+ Ke6 33. Ra2 gxf3
34. Kxf3 e4+ 35. Kf2 Be5 36. Rc2 Rc8 37. c4 0-1

[Event "NCL978 Invicta Kts-Midland Ms"]
[Site "Rd2"]
[Date "1997.??.??"]
[Round "2.6"]
[White "Hunt, Harriet"]
[Black "Farndon, David"]
[Result "1-0"]
[WhiteElo "2360"]
[BlackElo "2250"]
[PlyCount "127"]
[EventDate "1997.10.26"]
[Source "4NCL"]
[SourceDate "1998.01.01"]

1. e4 c6 2. d4 d5 3. exd5 cxd5 4. c4 Nf6 5. Nc3 g6 6. Qb3 Bg7 7. cxd5 O-O 8.
Be2 Nbd7 9. Bf3 Nb6 10. Bg5 Bg4 11. Bxf6 Bxf3 12. Nxf3 exf6 13. O-O Qd7 14. a4
Rfd8 15. d6 Nc8 16. Ne4 b6 17. Rac1 Nxd6 18. Nxd6 Qxd6 19. Rfd1 Rac8 20. Rxc8
Rxc8 21. d5 Rc5 22. Ne1 a6 23. Nc2 Bf8 24. Ne3 b5 25. axb5 axb5 26. Qd3 f5 27.
b4 Rc8 28. Qxb5 f4 29. Nc4 Qxb4 30. Qxb4 Bxb4 31. Ne5 Bd6 32. Nf3 Kg7 33. Kf1
h6 34. Ke2 g5 35. Nd2 Kf6 36. Kd3 Rd8 37. Nc4 Bc5 38. Ke2 Bd6 39. Ra1 Rd7 40.
Ra6 Ke7 41. Rc6 Rd8 42. Kd3 Bb4 43. Kd4 Be1 44. Rxh6 Bxf2+ 45. Ke4 Bc5 46. h3
f6 47. Rh7+ Ke8 48. Na5 Rd7 49. Rxd7 Kxd7 50. Nb3 Be3 51. Nd4 Kd6 52. Nf5+ Kc5
53. Nh6 Kd6 54. Ng4 f5+ 55. Kxf5 Kxd5 56. Kxg5 Ke4 57. Nf6+ Ke5 58. Kg6 Bd4 59.
h4 Ke6 60. Nh5 Be5 61. Ng7+ Ke7 62. h5 Kf8 63. h6 Kg8 64. h7+ 1-0

[Event "NCL978 Invicta Kts-Midland Ms"]
[Site "Rd2"]
[Date "1997.??.??"]
[Round "2.7"]
[White "Harakis, Alexis"]
[Black "Cooper, Lawrence"]
[Result "1/2-1/2"]
[WhiteElo "2165"]
[BlackElo "2330"]
[PlyCount "116"]
[EventDate "1997.10.26"]
[Source "4NCL"]
[SourceDate "1998.01.01"]

1. d4 Nf6 2. c4 e6 3. Nc3 Bb4 4. e3 b6 5. Nge2 Ne4 6. Bd2 Nxd2 7. Qxd2 Ba6 8.
a3 Be7 9. Nf4 O-O 10. Be2 c6 11. b4 d5 12. b5 cxb5 13. cxb5 Bb7 14. O-O Nd7 15.
Nd3 Rc8 16. f4 Qc7 17. Rfc1 Qd6 18. Nb4 Nb8 19. Nd1 Rxc1 20. Rxc1 Rc8 21. Rxc8+
Bxc8 22. Qc3 Bb7 23. Nf2 Bd8 24. Bf3 Qc7 25. Qxc7 Bxc7 26. g4 Bd6 27. Nfd3 a6
28. a4 axb5 29. axb5 Nd7 30. g5 h6 31. h4 Nf8 32. f5 hxg5 33. hxg5 g6 34. fxe6
fxe6 35. Bg4 Kf7 36. Kg2 Nh7 37. Nc6 Bxc6 38. bxc6 Nxg5 39. Nb4 Ke7 40. Na6 Kd8
41. Kf1 e5 42. Ke2 exd4 43. exd4 Ne4 44. Be6 Nf6 45. Ke3 g5 46. Kf3 b5 47. Bf5
g4+ 48. Kg2 g3 49. Bd3 b4 50. c7+ Bxc7 51. Nxb4 Ke7 52. Bf5 Bd6 53. Nc6+ Kf8
54. Ne5 Nh5 55. Bg4 Nf4+ 56. Kxg3 Ng6 57. Be6 Bxe5+ 58. dxe5 d4 1/2-1/2

[Event "NCL978 Slough-BCM"]
[Site "Rd2"]
[Date "1997.??.??"]
[Round "2.1"]
[White "Wells, Peter"]
[Black "Chandler, Murray"]
[Result "1-0"]
[WhiteElo "2530"]
[BlackElo "2555"]
[PlyCount "71"]
[EventDate "1997.10.26"]
[Source "4NCL"]
[SourceDate "1998.01.01"]

1. e4 c5 2. Nf3 Nc6 3. Bb5 g6 4. Bxc6 dxc6 5. d3 Bg7 6. h3 Nf6 7. Nc3 Nd7 8.
Be3 e5 9. Qd2 Qe7 10. Bh6 Bxh6 11. Qxh6 f6 12. Nd2 Nf8 13. f4 Ne6 14. fxe5 fxe5
15. Ne2 Bd7 16. O-O O-O-O 17. Nc4 Be8 18. Rf2 Nc7 19. a4 Na6 20. Raf1 Nb4 21.
Nc1 Rg8 22. Qe3 b5 23. Na3 Na6 24. Nb3 g5 25. Rf5 g4 26. Qg3 Bd7 27. Rf7 Qd6
28. R1f6 gxh3 29. Qe3 Rxg2+ 30. Kh1 Be6 31. axb5 Rdg8 32. Nc4 Qd8 33. Rxe6 Rg1+
34. Kh2 R8g2+ 35. Kxh3 Rh2+ 36. Kxh2 1-0

[Event "NCL978 Slough-BCM"]
[Site "Rd2"]
[Date "1997.??.??"]
[Round "2.2"]
[White "Mestel, Jonathan"]
[Black "Houska, Miroslav"]
[Result "1-0"]
[WhiteElo "2500"]
[BlackElo "2360"]
[PlyCount "71"]
[EventDate "1997.10.26"]
[Source "4NCL"]
[SourceDate "1998.01.01"]

1. d4 d6 2. c4 f5 3. g3 Nf6 4. Bg2 g6 5. Nh3 Bg7 6. d5 O-O 7. Nf4 Na6 8. h4 e5
9. dxe6 Nc5 10. h5 Nxh5 11. Nxh5 gxh5 12. Rxh5 Bxe6 13. Nc3 Bxc4 14. Bd5+ Bxd5
15. Qxd5+ Rf7 16. Rxf5 Qe8 17. Be3 Qe6 18. Qxe6 Nxe6 19. Rxf7 Kxf7 20. O-O-O
Rd8 21. f4 a6 22. g4 Nf8 23. Rd3 Ng6 24. Ne4 b6 25. Ng5+ Kg8 26. Ne6 Rd7 27.
Ra3 a5 28. Nxg7 Rxg7 29. Bd4 Re7 30. Re3 Kf7 31. Rh3 Kg8 32. Re3 Kf7 33. f5 Ne5
34. Rh3 Kg8 35. f6 Rf7 36. Kd2 1-0

[Event "NCL978 Slough-BCM"]
[Site "Rd2"]
[Date "1997.??.??"]
[Round "2.3"]
[White "Summerscale, Aaron"]
[Black "Wall, Tim"]
[Result "1-0"]
[WhiteElo "2420"]
[BlackElo "2375"]
[PlyCount "159"]
[EventDate "1997.10.26"]
[Source "4NCL"]
[SourceDate "1998.01.01"]

1. Nf3 f5 2. g3 g6 3. Bg2 Bg7 4. d4 Nf6 5. O-O O-O 6. b4 d6 7. Bb2 e5 8. dxe5
Ng4 9. h3 Nxe5 10. Qd5+ Nf7 11. Bxg7 Kxg7 12. Qd4+ Qf6 13. Qxf6+ Kxf6 14. Nc3
c6 15. e4 a6 16. a4 Nd7 17. b5 axb5 18. axb5 Rxa1 19. Rxa1 cxb5 20. exf5 gxf5
21. Nd5+ Kg7 22. Nd4 Nc5 23. Nxb5 Bd7 24. Nd4 Ne5 25. Nb6 f4 26. Ra7 fxg3 27.
fxg3 Be8 28. Bd5 Bg6 29. Na4 Kh6 30. Nxc5 dxc5 31. Ne6 Rf6 32. g4 Nf3+ 33. Kg2
Ng5 34. Nxc5 Bxc2 35. h4 b6 36. hxg5+ Kxg5 37. Ne4+ Bxe4+ 38. Bxe4 Kxg4 39.
Bxh7 Rd6 40. Kf2 Kf4 41. Ke2 Ke5 42. Bd3 Rh6 43. Kd2 Rc6 44. Rh7 Rf6 45. Kc3
Rc6+ 46. Kb4 Rd6 47. Ba6 Kd4 48. Kb5 Ke5 49. Bb7 Kd4 50. Bc6 Kc3 51. Kxb6 Kc4
52. Ra7 Kd4 53. Ra4+ Ke5 54. Kc5 Rd1 55. Re4+ Kf5 56. Re2 Kf4 57. Bd5 Kf5 58.
Kd6 Rd4 59. Re5+ Kf4 60. Re8 Rd2 61. Rf8+ Ke3 62. Ke5 Rf2 63. Rh8 Rb2 64. Rh3+
Kd2 65. Kd4 Rb4+ 66. Bc4 Rb8 67. Rh2+ Ke1 68. Bd3 Rg8 69. Rb2 Rg3 70. Kc3 Re3
71. Rg2 Re8 72. Kd4 Rh8 73. Be4 Rh3 74. Bf5 Rb3 75. Bd3 Rb8 76. Ke3 Re8+ 77.
Be4 Kf1 78. Rh2 Rg8 79. Ra2 Rg3+ 80. Bf3 1-0

[Event "NCL978 Slough-BCM"]
[Site "Rd2"]
[Date "1997.??.??"]
[Round "2.4"]
[White "Giddins, Steve"]
[Black "Panczyk, Krzysztof"]
[Result "1/2-1/2"]
[WhiteElo "2375"]
[BlackElo "2385"]
[PlyCount "35"]
[EventDate "1997.10.26"]
[Source "4NCL"]
[SourceDate "1998.01.01"]

1. Nf3 Nf6 2. c4 e6 3. Nc3 d5 4. d4 Nbd7 5. cxd5 exd5 6. Bg5 Be7 7. e3 O-O 8.
Bd3 Re8 9. O-O c6 10. Qc2 Nf8 11. Rab1 Ng6 12. Bxf6 Bxf6 13. b4 Bg4 14. Nd2 Be7
15. Bf5 Bxf5 16. Qxf5 Bd6 17. g3 a6 18. Na4 1/2-1/2

[Event "NCL978 Slough-BCM"]
[Site "Rd2"]
[Date "1997.??.??"]
[Round "2.5"]
[White "Pedersen, Steffen"]
[Black "Lyell, Mark"]
[Result "1-0"]
[WhiteElo "2435"]
[BlackElo "2235"]
[PlyCount "67"]
[EventDate "1997.10.26"]
[Source "4NCL"]
[SourceDate "1998.01.01"]

1. d4 f5 2. g3 g6 3. Bg2 Bg7 4. Nf3 Nf6 5. O-O O-O 6. c3 Nc6 7. Nbd2 Qe8 8. b4
d6 9. Qb3+ Kh8 10. Re1 e5 11. b5 Be6 12. c4 Nd8 13. dxe5 dxe5 14. Ba3 Rg8 15.
Nxe5 a6 16. bxa6 Rxa6 17. Rab1 Qa4 18. Be7 Qxa2 19. Qd3 Ne4 20. Nxe4 fxe4 21.
Qxe4 Bf5 22. Bxd8 Rxd8 23. Nf7+ Kg8 24. Qe7 Bf6 25. Nh6+ Kh8 26. Qxc7 Rc8 27.
Qxb7 Ra7 28. Qf3 Ra5 29. e4 Bg7 30. exf5 Bxh6 31. Qc3+ Bg7 32. f6 Bh6 33. f7+
Bg7 34. Re8+ 1-0

[Event "NCL978 Slough-BCM"]
[Site "Rd2"]
[Date "1997.??.??"]
[Round "2.6"]
[White "Friedgood, David"]
[Black "Aagaard, Jacob"]
[Result "0-1"]
[WhiteElo "2240"]
[BlackElo "2435"]
[PlyCount "102"]
[EventDate "1997.10.26"]
[Source "4NCL"]
[SourceDate "1998.01.01"]

1. c4 Nf6 2. Nc3 g6 3. e4 d6 4. d4 Bg7 5. Be2 O-O 6. Nf3 e5 7. O-O Nc6 8. d5
Ne7 9. b4 a5 10. bxa5 c5 11. dxc6 bxc6 12. a4 Qxa5 13. Qc2 d5 14. Ba3 Re8 15.
cxd5 cxd5 16. Bb5 Bd7 17. Bxd7 Nxd7 18. Bxe7 dxe4 19. Qxe4 Rxe7 20. Nd5 Ree8
21. Rfc1 Nc5 22. Qc4 e4 23. Ng5 Qd8 24. Rab1 Qxg5 25. Qxc5 Rxa4 26. Qc6 Raa8
27. Nc7 Rac8 28. Qxe8+ Rxe8 29. Nxe8 Be5 30. Rc8 Qf4 31. g3 Qd2 32. Nd6+ Kg7
33. Nxe4 Qe2 34. Ng5 Qg4 35. Nxf7 Kxf7 36. Rb7+ Ke6 37. Re8+ Kd6 38. Rb6+ Kc7
39. Rb1 Bd4 40. Re7+ Kd6 41. Rf7 g5 42. Re1 h5 43. Kg2 Qc8 44. h3 Qc6+ 45. Kh2
Qc2 46. Kg2 Qg6 47. Rf8 Kd7 48. Re2 Bc5 49. Rd2+ Kc7 50. Rfd8 Qe4+ 51. Kg1 Qf3
0-1

[Event "NCL978 Slough-BCM"]
[Site "Rd2"]
[Date "1997.??.??"]
[Round "2.8"]
[White "Bellin, Jana"]
[Black "Houska, Jovanka"]
[Result "1-0"]
[WhiteElo "2175"]
[BlackElo "2155"]
[PlyCount "63"]
[EventDate "1997.10.26"]
[Source "4NCL"]
[SourceDate "1998.01.01"]

1. d4 d5 2. c4 c6 3. e3 Nf6 4. Nd2 Bf5 5. Ngf3 e6 6. Be2 Nbd7 7. O-O Bd6 8. b3
h6 9. Bb2 O-O 10. Ne5 Qc7 11. f4 Ne4 12. Nxe4 Bxe4 13. Qd2 f6 14. Nf3 e5 15. g3
exf4 16. exf4 g5 17. c5 Be7 18. Ne1 f5 19. Nd3 Bf6 20. Rae1 Rae8 21. Ne5 gxf4
22. Nxd7 Qxd7 23. Qxf4 Bg5 24. Qf2 f4 25. Bh5 Rd8 26. Bf3 Bd3 27. Be2 Be4 28.
Bf3 Bd3 29. Be2 Bg6 30. Bc1 Qg7 31. Bxf4 Bxf4 32. gxf4 1-0

[Event "NCL978 Barbican-NW Eagles"]
[Site "Rd2"]
[Date "1997.??.??"]
[Round "2.1"]
[White "Davies, Nigel"]
[Black "Tebb, David"]
[Result "1-0"]
[WhiteElo "2505"]
[BlackElo "2280"]
[PlyCount "67"]
[EventDate "1997.10.26"]
[Source "4NCL"]
[SourceDate "1998.01.01"]

1. c4 e5 2. g3 Nc6 3. Bg2 g6 4. Nc3 Bg7 5. Rb1 a5 6. a3 d6 7. d3 Nf6 8. b4 axb4
9. axb4 O-O 10. b5 Ne7 11. Bb2 Nh5 12. Nf3 f5 13. O-O h6 14. Nd2 Kh8 15. Ra1
Rxa1 16. Qxa1 g5 17. Qa8 b6 18. Ra1 f4 19. Nde4 fxg3 20. hxg3 Nf5 21. Nd5 Nf4
22. gxf4 gxf4 23. Qb8 Qe8 24. Ra8 Qg6 25. Qxc8 Rxc8 26. Rxc8+ Kh7 27. Rxc7 h5
28. Kf1 Kh6 29. Bh3 h4 30. Rd7 Kh5 31. Bxf5 Qxf5 32. Rxg7 Qh3+ 33. Kg1 f3 34.
Bc1 1-0

[Event "NCL978 Barbican-NW Eagles"]
[Site "Rd2"]
[Date "1997.??.??"]
[Round "2.2"]
[White "Littlewood, John"]
[Black "Plaskett, James"]
[Result "0-1"]
[WhiteElo "2285"]
[BlackElo "2450"]
[PlyCount "62"]
[EventDate "1997.10.26"]
[Source "4NCL"]
[SourceDate "1998.01.01"]

1. e4 c5 2. d3 Nc6 3. g3 e6 4. Bg2 d5 5. Nd2 Nf6 6. Ngf3 Be7 7. O-O O-O 8. Qe2
b5 9. e5 Nd7 10. Re1 a5 11. c4 bxc4 12. dxc4 Ba6 13. Qd1 dxc4 14. Bf1 Nb6 15.
Ne4 Nd5 16. Bg5 Bxg5 17. Nfxg5 h6 18. Nf3 Qb6 19. Rc1 Rfd8 20. Qd2 Nde7 21. Qe3
Rd4 22. Qa3 Rd5 23. Bxc4 Bxc4 24. Rxc4 Nxe5 25. Nxe5 Rxe5 26. Rec1 Nf5 27. Nxc5
Rd8 28. Qb3 Qa7 29. Qb7 Qxb7 30. Nxb7 Rd2 31. R1c2 Re1+ 0-1

[Event "NCL978 Barbican-NW Eagles"]
[Site "Rd2"]
[Date "1997.??.??"]
[Round "2.4"]
[White "Lund, Brett"]
[Black "Lehtivaara, Petri"]
[Result "1/2-1/2"]
[WhiteElo "2285"]
[BlackElo "2370"]
[PlyCount "116"]
[EventDate "1997.10.26"]
[Source "4NCL"]
[SourceDate "1998.01.01"]

1. g3 Nf6 2. Bg2 e5 3. c4 d5 4. cxd5 Nxd5 5. Nc3 Nb6 6. Nf3 Nc6 7. O-O Be7 8.
a3 O-O 9. b4 Be6 10. Rb1 f6 11. d3 Qd7 12. Ne4 Nd5 13. Bb2 Kh8 14. Qc2 Bh3 15.
Bxh3 Qxh3 16. Nc5 Bxc5 17. Qxc5 Qd7 18. Rbc1 a6 19. Rfd1 Rfe8 20. e4 Nf4 21.
gxf4 Qg4+ 22. Kf1 Qxf3 23. f5 Rad8 24. Qe3 Qh5 25. Kg2 Nd4 26. Bxd4 Rxd4 27. f3
c6 28. Rc4 Red8 29. Rxd4 Rxd4 30. Rc1 Qf7 31. Qd2 Qd7 32. Rc3 Kg8 33. Kf2 Kf7
34. Ke3 g6 35. fxg6+ hxg6 36. Qe1 Kg7 37. Ke2 Qe6 38. Kf2 Rd8 39. Qe2 Qd7 40.
Kg2 Rh8 41. Qf2 g5 42. Kh1 Rh4 43. d4 Qxd4 44. Qxd4 exd4 45. Rd3 Rh3 46. Kg2 g4
47. Rxd4 Rxf3 48. Rd7+ Kg6 49. Rxb7 Rxa3 50. Rb6 Re3 51. Rxc6 Rxe4 52. h3 gxh3+
53. Kxh3 Re3+ 54. Kg4 Ra3 55. Rb6 Ra4 56. Kf3 Kg5 57. b5 Ra3+ 58. Kf2 Ra2+
1/2-1/2

[Event "NCL978 Barbican-NW Eagles"]
[Site "Rd2"]
[Date "1997.??.??"]
[Round "2.6"]
[White "Clarke, Stuart"]
[Black "Sands, David"]
[Result "1/2-1/2"]
[WhiteElo "2285"]
[BlackElo "2255"]
[PlyCount "54"]
[EventDate "1997.10.26"]
[Source "4NCL"]
[SourceDate "1998.01.01"]

1. e4 c5 2. Nf3 Nc6 3. Bb5 g6 4. O-O Bg7 5. c3 Nf6 6. e5 Nd5 7. d4 cxd4 8. cxd4
Nc7 9. Be2 d6 10. Bf4 O-O 11. exd6 exd6 12. Nc3 Bg4 13. Be3 d5 14. h3 Bxf3 15.
Bxf3 Qd6 16. Qd2 Rad8 17. Rfd1 Ne6 18. Bxd5 Nexd4 19. Bg5 Rd7 20. Qe3 Qc5 21.
Qe4 Nb4 22. Be3 Nxd5 23. Bxd4 Nxc3 24. bxc3 Qc4 25. Rd2 Rfd8 26. Rb1 Bxd4 27.
cxd4 Rxd4 1/2-1/2

[Event "NCL978 Barbican-NW Eagles"]
[Site "Rd2"]
[Date "1997.??.??"]
[Round "2.8"]
[White "Giblin, William"]
[Black "Lang, Heather"]
[Result "1/2-1/2"]
[WhiteElo "2160"]
[BlackElo "2060"]
[PlyCount "27"]
[EventDate "1997.10.26"]
[Source "4NCL"]
[SourceDate "1998.01.01"]

1. d4 f5 2. Nc3 Nf6 3. Bg5 d5 4. Bxf6 exf6 5. e3 Be6 6. Bd3 Nc6 7. Qf3 Qd7 8.
Nge2 Nb4 9. Nf4 Nxd3+ 10. Nxd3 b6 11. O-O c6 12. Qe2 Bd6 13. f4 O-O 14. Qf3
1/2-1/2

[Event "NCL978 SW Dragons-Guildford"]
[Site "Rd3"]
[Date "1997.11.22"]
[Round "3.1"]
[White "Cummings, David"]
[Black "Kinsman, Andrew"]
[Result "1/2-1/2"]
[WhiteElo "2370"]
[BlackElo "2395"]
[PlyCount "38"]
[EventDate "1997.11.22"]
[Source "4NCL"]
[SourceDate "1998.01.01"]

1. Nf3 Nf6 2. c4 e6 3. g3 d5 4. Bg2 Be7 5. O-O O-O 6. d4 c5 7. cxd5 Nxd5 8. e4
Nb6 9. Nc3 Nc6 10. d5 exd5 11. exd5 Nb4 12. Ne5 Bd6 13. Nd3 Bg4 14. Qxg4 Nxd3
15. Be4 Nxc1 16. Raxc1 Nd7 17. Qe2 a6 18. a4 Rb8 19. Rfe1 Nf6 1/2-1/2

[Event "NCL978 SW Dragons-Guildford"]
[Site "Rd3"]
[Date "1997.11.22"]
[Round "3.2"]
[White "Povah, Nigel"]
[Black "Cooper, John"]
[Result "1/2-1/2"]
[WhiteElo "2325"]
[BlackElo "2335"]
[PlyCount "39"]
[EventDate "1997.11.22"]
[Source "4NCL"]
[SourceDate "1998.01.01"]

1. d4 Nf6 2. Bg5 d6 3. Bxf6 exf6 4. e3 g6 5. Ne2 Bg7 6. g3 O-O 7. Bg2 f5 8. c4
Nd7 9. Nbc3 Nf6 10. b4 c5 11. bxc5 dxc5 12. O-O cxd4 13. exd4 Re8 14. Qd3 f4
15. Nxf4 Bf5 16. Qd2 Rc8 17. c5 Rxc5 18. Rfe1 Rc4 19. Rad1 Bg4 20. Nfe2 1/2-1/2

[Event "NCL978 SW Dragons-Guildford"]
[Site "Rd3"]
[Date "1997.11.22"]
[Round "3.3"]
[White "Morris, Charles"]
[Black "Webb, Richard"]
[Result "1/2-1/2"]
[WhiteElo "2245"]
[BlackElo "2290"]
[PlyCount "44"]
[EventDate "1997.11.22"]
[Source "4NCL"]
[SourceDate "1998.01.01"]

1. c4 c5 2. Nc3 Nf6 3. e4 Nc6 4. f4 d6 5. d3 g6 6. Be3 Bg7 7. h3 O-O 8. g4 a6
9. Nf3 b5 10. Qd2 Rb8 11. Rc1 Qa5 12. b3 Ne8 13. Nd1 Nb4 14. Rh2 Bb7 15. Nc3
bxc4 16. bxc4 e6 17. Kf2 f5 18. gxf5 exf5 19. Kg1 Nf6 20. Ng5 Rbe8 21. exf5
gxf5 22. Bg2 Qc7 1/2-1/2

[Event "NCL978 SW Dragons-Guildford"]
[Site "Rd3"]
[Date "1997.11.22"]
[Round "3.4"]
[White "Kennaugh, Charles"]
[Black "Saunders, John"]
[Result "1-0"]
[WhiteElo "2300"]
[BlackElo "2225"]
[PlyCount "115"]
[EventDate "1997.11.22"]
[Source "4NCL"]
[SourceDate "1998.01.01"]

1. e4 g6 2. Bc4 Bg7 3. Qf3 e6 4. Ne2 c5 5. c3 Nc6 6. d4 Nge7 7. O-O cxd4 8.
cxd4 Nxd4 9. Nxd4 Bxd4 10. Nc3 a6 11. Bh6 Nc6 12. Rad1 Be5 13. Qe3 b5 14. Bd5
Bb7 15. f4 Bb8 16. Kh1 Qa5 17. Bxc6 Bxc6 18. Qd4 Rg8 19. Nd5 Bxd5 20. exd5 Ba7
21. Qe4 Rc8 22. Rc1 Rb8 23. Qe5 Qb6 24. Bg5 h6 25. Bh4 d6 26. Qf6 Qd8 27. Qxd8+
Rxd8 28. Bxd8 Kxd8 29. Rc6 Bc5 30. Rxa6 Ke7 31. a3 b4 32. axb4 Bxb4 33. Rb6 Bc5
34. Rb7+ Kf6 35. b4 Be3 36. dxe6 fxe6 37. g3 Ra8 38. Rb1 Ra2 39. Rb3 Bd4 40. b5
Kf5 41. Re7 Kg4 42. h3+ Kxh3 43. g4+ Kxg4 44. Rxe6 Kxf4 45. Rb4 Kf5 46. Rxd6
Be5 47. Rd8 h5 48. b6 h4 49. Rf8+ Kg5 50. Rb5 Ra1+ 51. Kg2 Ra2+ 52. Kg1 Kg4 53.
Rxe5 Rb2 54. Rf6 g5 55. Rg6 Rb1+ 56. Kf2 Kf4 57. Rexg5 Rb2+ 58. Kg1 1-0